Principles of nasal reconstruction / (Record no. 171222)

MARC details
000 -LEADER
fixed length control field 00945nam a22002897a 4500
003 - CONTROL NUMBER IDENTIFIER
control field OSt
005 - DATE AND TIME OF LATEST TRANSACTION
control field 20250130100048.0
008 - FIXED-LENGTH DATA ELEMENTS--GENERAL INFORMATION
fixed length control field 250130b |||||||| |||| 00| 0 eng d
020 ## - INTERNATIONAL STANDARD BOOK NUMBER
International Standard Book Number 9780323683906 (hardcover)
040 ## - CATALOGING SOURCE
Original cataloging agency NUST
Language of cataloging eng
Transcribing agency NUST
Modifying agency NUST
Description conventions rda
050 ## - LIBRARY OF CONGRESS CALL NUMBER
Classification number RF451 BAK
100 ## - MAIN ENTRY--PERSONAL NAME
Personal name Baker, Shan R.
Relator term Author
245 ## - TITLE STATEMENT
Title Principles of nasal reconstruction /
Statement of responsibility, etc. Shan R. Baker.
250 ## - EDITION STATEMENT
Edition statement Fourth edition.
260 ## - PUBLICATION, DISTRIBUTION, ETC.
Place of publication, distribution, etc. London :
Name of publisher, distributor, etc. Elsevier,
Date of publication, distribution, etc. 2022.
300 ## - PHYSICAL DESCRIPTION
Extent xi, 789 pages :
Other physical details Illustrations ;
Dimensions 29 cm.
336 ## - CONTENT TYPE
Source rdamedia
Content type term text
Content type code txt
337 ## - MEDIA TYPE
Source rdamedia
Media type term unmediated
Media type code n
338 ## - CARRIER TYPE
Source rdamedia
Carrier type term volume
Carrier type code nc
504 ## - BIBLIOGRAPHY, ETC. NOTE
Bibliography, etc. note Includes bibliographical references and index.
650 ## - SUBJECT ADDED ENTRY--TOPICAL TERM
Form subdivision Nose -- Surgery.
650 ## - SUBJECT ADDED ENTRY--TOPICAL TERM
Form subdivision Nose -- surgery.
650 ## - SUBJECT ADDED ENTRY--TOPICAL TERM
Form subdivision Nose -- surgery.
650 ## - SUBJECT ADDED ENTRY--TOPICAL TERM
Form subdivision Skin Transplantation -- methods.
650 ## - SUBJECT ADDED ENTRY--TOPICAL TERM
Form subdivision Surgical Flaps.
942 ## - ADDED ENTRY ELEMENTS (KOHA)
Source of classification or shelving scheme Library of Congress Classification
Koha item type Ordinary Loan Books
Edition Fourth edition.
Classification part RF451 BAK
Call number prefix RF
Call number suffix BAK
Suppress in OPAC No
Holdings
Withdrawn status Lost status Source of classification or shelving scheme Damaged status Not for loan Collection Home library Current library Shelving location Date acquired Source of acquisition Cost, normal purchase price Total Checkouts Full call number Barcode Date last seen Accession number Cost, replacement price Price effective from Koha item type Public note
    LCC     NFIC MEDICAL MEDICAL GEN 01/30/2025 Book Aid International 232.42   RF451 BAK 92004055810 01/30/2025 62203 232.42 01/30/2025 BOOKS Purchase